|
|
|
|
| LEADER |
00964cam a2200241 a 4500 |
| 001 |
0000071248 |
| 005 |
20040305090000.0 |
| 040 |
|
|
|a mod
|
| 041 |
|
|
|a eng
|
| 020 |
0 |
0 |
|a 0813340780
|
| 090 |
0 |
0 |
|a 327.73056
|b TEL
|e 2002
|
| 100 |
1 |
0 |
|a Telhami
|h Shibley
|
| 245 |
1 |
4 |
|a The stakes
|b America and the Middle East
|b the consequences of power and the choice for peace
|c Shibley Telhami
|
| 260 |
0 |
0 |
|a Boulder, Colo.
|b Westview Press
|c 2002.
|
| 300 |
0 |
0 |
|a xiii, 204 p., [4] p. of plates
|b ill., maps
|c 22 cm.
|
| 500 |
0 |
0 |
|a Includes bibliographical references (p. 185-188) and index.
|
| 650 |
0 |
0 |
|a United States
|x Foreign relations
|x Middle East.
|
| 650 |
0 |
0 |
|a Middle East
|x Foreign relations
|z United States.
|
| 650 |
0 |
0 |
|a Terrorism
|x Middle East.
|
| 650 |
0 |
0 |
|a Arab-Israeli conflict
|y 1993
|x Peace
|
| 852 |
0 |
0 |
|a 01
|
| 999 |
|
|
|a 0223846
|b KEMENTAH
|d BOOKS
|e Umum
|f Perpustakaan KEMENTAH
|j AVAILABLE
|q GOOD CONDITION
|
| 999 |
|
|
|a 0224653
|b KEMENTAH
|d BOOKS
|e Umum
|f Perpustakaan KEMENTAH
|j WEEDED
|q GOOD CONDITION
|